| 000 | 03258nam2a2200289 4500 | ||
|---|---|---|---|
| 001 | RU\NLR\BIBL_A\012721314 | ||
| 005 | 20260406065047.0 | ||
| 035 | _a(NLR Aleph) 012721314 | ||
| 090 |
_a12942480 _c12942480 |
||
| 100 | _a20220303d1889 |||y0rusy50 ca | ||
| 101 | 0 | _arus | |
| 102 | _aRU | ||
| 105 | _ay zr 000a0 | ||
| 200 | 0 | _aТ. 2 | |
| 210 |
_d1889 _aБ. м. |
||
| 215 |
_a816 с. _d23 |
||
| 327 | 1 | _aСодерж.: Повести (с. 3-194): Нос ; Портрет (в позднейшей редакции) ; Шинель ; Коляска ; Рим (отрывок) ; Прил.: Отрывки из первоначальных редакций повести Шинель ; Комедии (с. 194-408): Ревизор ; Приложения к комедии "Ревизор" ; Женитьба ; Драматические отрывки и отдельные сцены : (1832 по 1837 год) (с. 409-516). Прил.: Дядька в затруднительном положении : комедия в трех действиях / Джиованни Жиро ; переведена с итальянского под редакциею Н.В. Гоголя (с. 517-564). Примечания редактора и варианты (с. 565-813) | |
| 461 | 0 |
_1001v19\rc\1546973 _12001#$aСочинения Н.В. Гоголя$vТ. 2 _95649690 _aГоголь, Н. В. (1809-1852) _cМосква _d1889-1896 _eИзд. 10-е _fтекст сверен с собственноручными рукописями автора и первоначальными изданиями его произведений Николаем Тихонравовым _nиздание Книжн. маг. В. Думнова под фирмою "Наследники бр. Салаевых" _p7 т. _tСочинения Н.В. Гоголя _vТ. 2 |
|
| 464 | 0 |
_12001#$aНос$eповесть$aПортрет$e(в позднейшей редакции)$eповесть$aШинель$eповесть$aШинель$eотрывки из первоначальных редакций повести$aКоляска$eповесть$aРим (отрывок)$eповесть _tРим (отрывок) |
|
| 464 | 0 |
_12001#$aРевизор$eкомедия$aРевизор$eприложения к комедии$aЖенитьба$eкомедия$aДраматические отрывки и отдельные сцены (1832 по 1837 год) _tДраматические отрывки и отдельные сцены (1832 по 1837 год) |
|
| 464 | 0 |
_11011#$arus$cita _12001#$aДядька в затруднительном положении$eкомедия в трех действиях$fДжиованни Жиро$gпереведена с итальянского под редакциею Н.В. Гоголя _17001#$aЖиро$bДж.$f1776-1834$gДжованни$3RU\NLR\AUTH\7784973 _tДядька в затруднительном положении _aЖиро, Джованни (1776-1834) |
|
| 702 | 1 |
_4340 _4212 _7ca _8rus _aТихонравов _bН. С. _f1832-1893 _gНиколай Саввич _9124351 _3RU\NLR\AUTH\7714681 |
|
| 852 |
_aNLR _j51/1227(2) |
||
| 852 |
_aNLR _j18.322.3.1(2) |
||
| 942 | _cBOOK | ||
| 980 | _aNB | ||